Building Bridges VI Quiz Stats

 Plays Quiz Updated Apr 3, 2020

Support Sporcle.
Go Orange.
Score 0/43 Timer 06:00
1 Play Today
% Correct
???
75.9%
???
71.7%
???
70.3%
???
69.9%
???
69.2%
???
67.9%
???
67.2%
???
65.5%
???
64.3%
???
61.7%
???
58%
???
57.1%
???
57%
???
56.7%
???
56.3%
???
55.4%
???
55.1%
???
53.2%
???
52.6%
???
51.8%
???
51.1%
???
50.8%
% Correct
???
48.3%
???
47.2%
???
46.4%
???
45.8%
???
45.7%
???
44.9%
???
44.9%
???
44.2%
???
43.7%
???
43.7%
???
43.5%
???
43.4%
???
42.4%
???
42.4%
???
42.3%
???
41.8%
???
41.5%
???
41.2%
???
41.1%
???
40.8%
???
40%

You're not logged in!

Compare scores with friends on all Sporcle quizzes.
OR
Log In

From the Vault

Wine Producing Countries

by davidr

No whining if your country doesn't appear on this list, OK?
Remove Ads.
Support Sporcle.
Get the best of Sporcle when you Go Orange. This ad-free experience offers more features, more stats, and more fun while also helping to support Sporcle. Thank you for becoming a member.

Show Comments

Extras

Top Quizzes Today


Score Distribution

Your Account Isn't Verified!

In order to create a playlist on Sporcle, you need to verify the email address you used during registration. Go to your Sporcle Settings to finish the process.

Report this User

Report this user for behavior that violates our Community Guidelines.

Details: